00721cas a2200229 4500003000400000005001700004008004100021020001500062020001800077035002000095040001400115050002300129245012800152250001200280260004900292300001400341500005100355650002700406650001300433700002200446700002300468OSt20260120133455.0120820n eng u a072168243X a9780721682433 a(Sirsi) a177187 cUNZAeRDA aRT 84.5 bCON 2000 aConcept development in nursing: b foundations, techniques and applications/c edited by Beth L.Rodgers, Kathleen A. Knafl. a2nd ed. aPhiladelphia:b WB Saunders Company,c 2000. axiv,458p. aIncludes bibliographical references and index. aNursing - philososphy. aNursing. aRodgers, Beth .L. aKnaff, Kathleen.A.